01507nam a22002297a 4500008004100000020001800041040000800059041000800067050002200075100002900097245013900126260005300265300004800318504005100366520061000417650004801027650003701075650004901112650003701161650004501198650003401243251013b |||||||| |||| 00| 0 eng d a9781509553846 ctbs aeng aTT507 b.M37 2023 aMcRobbie, Angelaeauthor aFashion as creative economyb: microenterprises in London, Berlin and Milanc/ Angela McRobbie, Daniel Strutt and Carolina Bandinelli. aCambridge ; Hoboken, NJ : bPolity Press,c2023. avii, 195 pages : billustrations ; c22 cm. aIncludes bibliographical references and index. aThis book contributes to a new sociology of fashion. Focusing on the working lives of independent designers and drawing on ethnographic research and interviews carried out in London, Berlin and Milan, the authors consider the urban policy regimes in place in these cities. They analyse how these regimes shape the microenterprises and the emerging political economy, as well as the structures needed for designers to flourish. They also develop several key concepts - the "milieu of fashion labour", "social fashion" and "fashion diversity - and chart the new world of digital fashion-tech and e-commerce. 0aFashionxEconomic aspectszLondon (England) 0aClothing tradezLondon (England) 0aFashionxEconomic aspects zBerlin (Germany) 0aClothing tradezBerlin (Germany) 0aFashionxEconomic aspectszMilan (Italy) 0aClothing tradezMilan (Italy)